000 00800nam a22002292 4500
001 0000024493
005 20151217152303.0
008 131218s xx 000 0 eng d
020 _a0199571819 :
040 _aKABU
_cKABU
100 1 _aSchwalbe, Ulrich.
_@0000184694
245 1 0 _aLaw and economics in European merger control /
_cUlrich Schwalbe, Daniel Zimmer.
250 _a1st ed.
260 _aOxford :
_bO. U. P.,
_c2009.
300 _axxv, 449 p.
650 0 _aConsolidation and merger of corporations
_xLaw and legislation
_zEuropean Union countries.
_@0000184695
650 0 _aAntitrust law
_zEuropean Union countries.
_@0000166132
700 1 _aZimmer, Daniel.
_@0000184696
852 1 _9p15975 KES
908 _a131218
950 _@1
999 _c10310
_d10310